000 00644nam a22001937a 4500
999 _c57675
_d57675
005 20200902140746.0
008 200902s2017 enk||||| |||| 00| 0 eng d
020 _a9785970439272
041 _aeng
080 _a617-086 L-16
100 _aLagoon, Mikhail Abramovich
_99384
245 _aThe Course of Faculty (Analitical) Surgery in Pictures, Tables and Schemes.
_cMikhail Abramovich Lagoon, Kharitonov B.S.
264 _aMoscow ;
_bGEOTAR-Media,
_c2017.
300 _a436 p.
_b30 cm.
653 _aმედიცინა
653 _aქირურგია
700 _aKharitonov, B.S.
_eავტორი
_99385
942 _2udc
_cBK